000 00651nam a2200181 i 4500
001 113964
003 ES-MaACL
005 20230906190038.0
007 t|
008 061121m19401960sp r ||||1| spa d
110 1 _aEspaña. Dirección General de Arquitectura.
_93702
245 1 0 _aNormas para el cálculo y ejecución de estructuras metálicas, hormigón armado y forjados de ladrillo armado.
250 _a2ª. ed.
260 _aMadrid :
_b[s.n.],
_c[194?] (
_fImp. Vega)
300 _a71 p. ;
_c23 cm.
500 _aPrecede al Tit : Ministerio de la Gobernación. Dirección General de Arquitectura.
852 _aES-MaACL
_j1893-F-11
_bR.26993
999 _c113964
_d113964